| 000 | 00000cas 2200000zi 4500 |
| 001 | 9.940020 |
| 003 | CaOODSP |
| 005 | 20260326131849 |
| 006 | m o d f |
| 007 | cr cn |||||||| |
| 008 | 240628c20229999bccar p o f0 0eng|d |
| 040 | |aCaOODSP|beng|erda|cCaOODSP |
| 043 | |an-cn---|an-cn-bc |
| 086 | 1 |aTQ2-4E-PDF |
| 110 | 2 |aPacific Pilotage Authority (Canada)|eauthor, |eissuing body. |
| 245 | 10|aAccess to information and privacy report / |cPacific Pilotage Authority. |
| 264 | 1|aVancouver, BC : |bPacific Pilotage Authority = Administration de pilotage du Pacifique, |c[2022]- |
| 310 | |aAnnual |
| 336 | |atext|btxt|2rdacontent |
| 337 | |acomputer|bc|2rdamedia |
| 338 | |aonline resource|bcr|2rdacarrier |
| 362 | 1 |aBegan with: April 1, 2021 to March 31, 2022. |
| 500 | |aIssued also in French under title: Loi sur l'accès à l'information et loi sur la protection des renseignements personnels. |
| 588 | |aDescription based on: April 1, 2021 to March 31, 2022; title from PDF cover page. |
| 588 | |aLatest issue consulted: April 1, 2022 to March 31, 2023. |
| 610 | 20|aPacific Pilotage Authority (Canada)|vPeriodicals. |
| 610 | 10|aCanada. |tAccess to Information Act|vPeriodicals. |
| 610 | 10|aCanada. |tPrivacy Act|vPeriodicals. |
| 650 | 0|aGovernment information|zCanada|vPeriodicals. |
| 650 | 0|aFreedom of information|zCanada|vPeriodicals. |
| 650 | 0|aPrivacy, Right of|zCanada|vPeriodicals. |
| 655 | 7|aPeriodicals|2lcgft |
| 775 | 08|tLoi sur l'accès à l'information et Loi sur la protection des renseignements personnels / |w(CaOODSP)9.940019 |
| 780 | 00|tAccess to information and privacy act / |w(CaOODSP)9.940031 |